LEADER 01115nam 2200325 a 450 001 9910697957203321 005 20090112151919.0 035 $a(CKB)5470000002393420 035 $a(OCoLC)298130003 035 $a(EXLCZ)995470000002393420 100 $a20090112d2008 ua 0 101 0 $aeng 135 $aurcn||||a|||| 181 $ctxt$2rdacontent 182 $cc$2rdamedia 183 $acr$2rdacarrier 200 10$aChallenges in obtaining reliable and useful data on Iraqi security forces continue$b[electronic resource] 210 1$aArlington, Va. :$cOffice of the Special Inspector General for Iraq Reconstruction,$d[2008] 215 $aii, 24 pages $cdigital, PDF file 225 1 $aSIGIR ;$v09-002 300 $aTitle from title screen (viewed on Jan. 12, 2009). 300 $a"October 21, 2008." 320 $aIncludes bibliographical references. 607 $aIraq$xArmed Forces 801 0$bGPO 801 1$bGPO 906 $aBOOK 912 $a9910697957203321 996 $aChallenges in obtaining reliable and useful data on Iraqi security forces continue$93124973 997 $aUNINA LEADER 01360nam 2200349z- 450 001 9910689662903321 005 20161209102255.0 035 $a(CKB)4920000000788647 035 $a(BIP)009445948 035 $a(EXLCZ)994920000000788647 100 $a20220104c2003uuuu -u- - 101 0 $aeng 200 10$aReauthorization of the Federal Trade Commission $epositioning the Commission for the twenty-first century : hearing before the Subcommittee on Commerce, Trade, and Consumer Protection of the Committee on Energy and Commerce, House of Representatives, One Hundred Eighth Congress, first session, June 11, 2003 215 $a1 online resource (iii, 68 p.) 311 $a0-16-070727-7 517 $aReauthorization of the Federal Trade Commission 606 $aFTC reauthorization 606 $aWitnesses, FTC 610 $aUnited States 610 $aWitnesses 610 $aPolitical science 610 $aLaw 615 4$aFTC reauthorization. 615 4$aWitnesses, FTC. 701 $aLeary$b Thomas B$g(Thomas Barrett),$f1931-$01770436 701 $aMuris$b Timothy J$01351335 701 $aSwindle$b Orson$f1937-$01770437 701 $aThompson$b Mozelle W$g(Mozelle Willmont),$f1954-$01770438 906 $aBOOK 912 $a9910689662903321 996 $aReauthorization of the Federal Trade Commission$94269606 997 $aUNINA